000 00441nam a2200157Ia 4500
008 210716s2005 xx 000 0 und d
020 _a70603669
041 _aeng
082 _a621.3916 HAYJ
100 _aHayes, Jhon P.
245 _aDigital system design and microprocessors.
250 _a1
260 _aNew Delhi
_bTata McGraw Hill Publishing Company Ltd
_c2005
300 _axiv,786
650 _aMicrocontrollers & Microprocessors
999 _c187589
_d187589